000 00347 a2200133 4500
001 92015
082 _aPR 2316
090 _c43972
_d43971
100 _aFarooq Umer; Prof Habeel, Advisor
245 _aMicrocontroller Based Dish Antenna Positioner
_n44 " B" EC
260 _aRawalpindi
_bNUST
_c1996
300 _a76p
500 _aBE ProjEc Report
942 _aCAE NUST
_kPR 2316
999 _c327088
_d327088